Compositions de Real Madrid - Dortmund (2024) - Statistiques

Statistiques générales
  • Ce quiz a été pris 59 fois
  • Le résultat moyen est 20 sur 30
Statistiques - réponses
Poste Joueur % Correct
BU Vinicius
98%
G Courtois
96%
BU Rodrygo
96%
MOC Bellingham
94%
DD Carvajal
94%
MC Kroos
92%
DC Rudiger
92%
DG Mendy
90%
REMP Militao
90%
REMP Modric
86%
MC Camavinga
82%
MC Valverde
76%
MG Adeyemi
75%
G Kobel
75%
MDC Can
71%
MOC Brandt
69%
DC Hummels
67%
DC Nacho
61%
DC Schlotterbeck
61%
REMP Joselu
57%
REMP Reus
57%
MD Sancho
51%
BU Fullkrug
49%
DD Ryerson
47%
MDC Sabitzer
43%
DG Maatsen
39%
REMP Vazquez
31%
REMP Haller
27%
REMP Malen
25%
REMP Gittens
24%
Aucun quiz correspondant
Distribution des résultats
% des personnes avec chaque résultat
Percentile par nombre de réponses
Votre historique - résultats
Vous n’avez pas pris ce quiz